000 00925nas a2200313 4500
001 BR0702601
003 BR-BrBNA
005 20231205110806.0
007 ta
008 230509b bl.|||p| |||| 00| 00por d
040 _aBR-BrBNA
_bpor
_cBiblioteca Nacional de Agricultura
041 _a(Pt)
072 _aF30; H20
100 1 _aLopes, M.T.G.
100 1 _aBrunelli, K.R.
100 1 _aSilva, H.P. da
100 1 _aMatiello, R.R.
100 1 _aCamargo, L.E.A.
245 1 _aControle genético da resistência à mancha-de-Phaeosphae em milho
650 _aMILHO
650 _aFUNGO
650 _aCONTROLE GENÉTICO
650 _aVARIEDADE RESISTENTE
650 _aMÉTODO ESTATÍSTICO
650 _aMELHORAMENTO GENÉTICO VEGETAL
773 0 _tCiência Rural (Brazil)
_xISSN 0103-8478
_g(May-Jun 2007), v. 37(3) p. 605-611
_wBR0702601
909 _a202311
_bLúcia
_c55
_dLúcia Elande
942 _2AGRIS
_n0
_cANA
999 _c189082
_d189082